[Event "Geneve Bois Gentil op"]
[Site "Geneve"]
[Date "2019.02.15"]
[Round "6"]
[White "Delmonico, Nils"]
[Black "Pecorini, Jean Marc"]
[Result "1-0"]
[WhiteElo "2007"]
[BlackElo "1617"]
[PlyCount "49"]
[EventDate "2019.01.11"]
[EventType "swiss"]
[EventRounds "7"]
[EventCountry "SUI"]
[SourceTitle "CBM 189 Extra"]
[Source "ChessBase"]
[SourceDate "2019.06.03"]
[SourceVersion "1"]
[SourceVersionDate "2019.06.03"]
[SourceQuality "1"]

1. c4 Nf6 2. Nc3 c5 3. Nf3 d5 4. cxd5 Nxd5 5. g3 Nc6 6. Bg2 Nc7 7. 0-0 e5 8. d3 Be7 9. a3 0-0 10. Rb1 Be6 11. Qa4 Rb8 12. Nd2 Nd4 13. b4 b5 14. Qxa7 Qd7 15. bxc5 Nc6 16. Bxc6 Qxc6 17. Nxb5 Rb7 18. Nd4 exd4 19. Qxb7 Qxc5 20. Ne4 Qa5 21. Bd2 Qa8 22. Qxc7 Bxa3 23. Qe5 Bh3 24. f3 Re8 25. Qa5 1-0

[Event "Geneve Bois Gentil op"]
[Site "Geneve"]
[Date "2019.02.08"]
[Round "5"]
[White "Mullhaupt, Philippe"]
[Black "Pecorini, Jean Marc"]
[Result "1-0"]
[WhiteElo "2013"]
[BlackElo "1617"]
[PlyCount "75"]
[EventDate "2019.01.11"]
[EventType "swiss"]
[EventRounds "7"]
[EventCountry "SUI"]
[SourceTitle "CBM 189 Extra"]
[Source "ChessBase"]
[SourceDate "2019.06.03"]
[SourceVersion "1"]
[SourceVersionDate "2019.06.03"]
[SourceQuality "1"]

1. d4 d5 2. Nf3 Nf6 3. c4 dxc4 4. e3 a6 5. a4 e6 6. Bxc4 c5 7. Nc3 b6 8. d5 exd5 9. Nxd5 Bb7 10. Nc3 Qxd1+ 11. Kxd1 Bd6 12. Ke2 Ke7 13. Ne1 Nbd7 14. Nf3 Ne5 15. Nxe5 Bxe5 16. f3 Rhd8 17. Bd2 Nd5 18. Be1 Rd7 19. Rc1 Nxc3+ 20. bxc3 Bd5 21. Bxd5 Rxd5 22. c4 Rd6 23. Rb1 b5 24. f4 Bf6 25. g4 g5 26. fxg5 Bxg5 27. h4 Bf6 28. Bg3 Rd7 29. axb5 axb5 30. Rxb5 Ra2+ 31. Kf3 Rd3 32. Ke4 Raa3 33. Bf4 Bd4 34. exd4 Rxd4+ 35. Kf5 Rf3 36. Re1+ Kd7 37. Re4 Rc3 38. Rxc5 1-0

[Event "Quebec op U2000"]
[Site "Ste Foy"]
[Date "2017.08.17"]
[Round "7.29"]
[White "Pecorini, Jean Marc"]
[Black "Genest, Dominic"]
[Result "1/2-1/2"]
[WhiteElo "1744"]
[BlackElo "1757"]
[PlyCount "157"]
[EventDate "2017.08.12"]
[EventType "swiss"]
[EventRounds "9"]
[EventCountry "CAN"]
[SourceTitle "EXT 2022"]
[Source "ChessBase"]
[SourceDate "2021.10.06"]
[SourceVersion "1"]
[SourceVersionDate "2021.10.06"]
[SourceQuality "1"]

1. d4 d5 2. c4 e6 3. Nc3 Nf6 4. Bg5 Nbd7 5. Nf3 c6 6. cxd5 exd5 7. e3 Be7 8. Bd3 0-0 9. 0-0 Re8 10. Re1 Nf8 11. h3 Ng6 12. Ne5 Be6 13. Qc2 Nd7 14. Bf4 Ndf8 15. Bh2 Nxe5 16. dxe5 f6 17. exf6 Bxf6 18. Ne2 Bf7 19. Rad1 Qb6 20. Bd6 Bg6 21. Bxf8 Bxd3 22. Rxd3 Rxf8 23. Rb3 Qc7 24. Nf4 Rf7 25. Rc1 Qe5 26. Nd3 Qf5 27. Nc5 Qxc2 28. Rxc2 b6 29. Ne6 c5 30. Rd3 Re8 31. Nf4 d4 32. exd4 Bxd4 33. Nd5 Re1+ 34. Kh2 Bxf2 35. b4 Bg1+ 36. Kg3 Bd4 37. bxc5 Bxc5 38. Rf3 Bd6+ 39. Kf2 Rxf3+ 40. Kxf3 Bc5 41. Rc4 Rf1+ 42. Ke4 Rf2 43. Ra4 a5 44. g3 Kf7 45. Nf4 Bd6 46. Kd5 Rd2+ 47. Kc6 Bc5 48. Nd5 Rb2 49. Nc3 Bb4 50. Nb5 Bc5 51. Nc3 Rg2 52. Ne4 Be3 53. Nd6+ Kf8 54. Nc4 Rxg3 55. Nxe3 Rxe3 56. Kxb6 Rxh3 57. Rxa5 h5 58. a4 Rb3+ 59. Rb5 Rxb5+ 60. axb5 h4 61. Kc5 h3 62. b6 h2 63. b7 h1Q 64. b8Q+ Kf7 65. Qc7+ Kg6 66. Qd6+ Kh7 67. Qd3+ g6 68. Qd7+ Kh6 69. Qd2+ g5 70. Qd6+ Kh5 71. Qg3 Qc1+ 72. Kd5 Qd2+ 73. Ke6 Qe2+ 74. Kd5 Qb5+ 75. Ke6 Qc6+ 76. Kf5 Qc8+ 77. Kf6 Qf8+ 78. Ke6 Qe8+ 79. Kf6 1/2-1/2

[Event "Bois Gentil op"]
[Site "Geneve"]
[Date "2017.02.24"]
[Round "6"]
[White "Babel, Ludovic"]
[Black "Pecorini, Jean Marc"]
[Result "0-1"]
[WhiteElo "1484"]
[BlackElo "1637"]
[PlyCount "56"]
[EventDate "2017.01.13"]
[EventType "swiss"]
[EventRounds "7"]
[EventCountry "SUI"]
[SourceTitle "EXT 2018"]
[Source "ChessBase"]
[SourceDate "2017.10.13"]
[SourceVersion "1"]
[SourceVersionDate "2017.10.13"]
[SourceQuality "1"]

1. e4 c5 2. d4 cxd4 3. c3 dxc3 4. Nxc3 Nc6 5. Nf3 d6 6. Bc4 e6 7. 0-0 Nf6 8. Qe2 a6 9. Rd1 Qc7 10. Bf4 Be7 11. e5 dxe5 12. Nxe5 Nxe5 13. Bxe5 Qa5 14. Bd3 0-0 15. Bxf6 Bxf6 16. Ne4 Bd4 17. Bxa6 Bxf2+ 18. Qxf2 Rxa6 19. Nf6+ gxf6 20. Rd3 Qb6 21. Re3 Rd8 22. Kh1 Rd5 23. Qxf6 Qxe3 24. h3 Qg5 25. Qc3 Rc6 26. Qf3 Rc2 27. Rf1 Rf5 28. Qd3 Qxg2# 0-1

[Event "Bois Gentil op"]
[Site "Geneve"]
[Date "2017.01.27"]
[Round "3"]
[White "Pecorini, Jean Marc"]
[Black "Mabrouk, Ouatas"]
[Result "1-0"]
[WhiteElo "1637"]
[BlackElo "1357"]
[PlyCount "73"]
[EventDate "2017.01.13"]
[EventType "swiss"]
[EventRounds "7"]
[EventCountry "SUI"]
[SourceTitle "EXT 2018"]
[Source "ChessBase"]
[SourceDate "2017.10.13"]
[SourceVersion "1"]
[SourceVersionDate "2017.10.13"]
[SourceQuality "1"]

1. d4 b6 2. e4 Bb7 3. Bd3 e6 4. c4 Nc6 5. Nf3 Nb4 6. Nc3 Nf6 7. Bg5 Be7 8. Rc1 h6 9. Bf4 d5 10. cxd5 Nh5 11. Bb5+ c6 12. dxc6 Nxc6 13. Ne2 Rc8 14. Qa4 0-0 15. Bxc6 Bxc6 16. Rxc6 Qd7 17. Ne5 Qb7 18. d5 b5 19. Qc2 Nxf4 20. Nxf4 Bb4+ 21. Ke2 Bd6 22. Rc1 Rcd8 23. Ned3 b4 24. dxe6 Bxf4 25. Nxf4 Qb5+ 26. Qc4 Qxc4+ 27. R1xc4 Rb8 28. e7 Rfe8 29. Rc7 f6 30. Rxa7 b3 31. a4 Rbc8 32. Rcc7 Kf7 33. Nd5 Ra8 34. Kd3 Rxa7 35. Rxa7 Rc8 36. Rb7 Rc2 37. Rxb3 1-0

[Event "Bois Gentil op"]
[Site "Geneve"]
[Date "2017.01.20"]
[Round "2"]
[White "Nawrocki, Bronislaw"]
[Black "Pecorini, Jean Marc"]
[Result "1-0"]
[WhiteElo "1753"]
[BlackElo "1637"]
[PlyCount "125"]
[EventDate "2017.01.13"]
[EventType "swiss"]
[EventRounds "7"]
[EventCountry "SUI"]
[SourceTitle "EXT 2018"]
[Source "ChessBase"]
[SourceDate "2017.10.13"]
[SourceVersion "1"]
[SourceVersionDate "2017.10.13"]
[SourceQuality "1"]

1. e4 c5 2. c3 d5 3. exd5 Qxd5 4. d4 Nf6 5. Nf3 Bg4 6. Be2 e6 7. 0-0 Nc6 8. h3 Bh5 9. Na3 Be7 10. g4 Nxg4 11. hxg4 Bxg4 12. Nc2 Qh5 13. Bf4 0-0-0 14. Ne3 Bd6 15. Bxd6 Rxd6 16. Nxg4 Qxg4+ 17. Kh1 Qh3+ 18. Nh2 cxd4 19. Bg4 Qh4 20. Bf3 Rhd8 21. Bxc6 Rxc6 22. Qf3 f5 23. Rfe1 dxc3 24. bxc3 Qc4 25. Qe3 Rd3 26. Qg5 Rxc3 27. Qxg7 Rd6 28. Rab1 Rd7 29. Qh8+ Kc7 30. Qxc3 Qxc3 31. Rbc1 Qxc1 32. Rxc1+ Kb6 33. Rc2 Kb5 34. Nf3 b6 35. Kg2 a5 36. Ne5 Rd5 37. f4 a4 38. a3 Ka6 39. Nc6 Rd6 40. Ne5 b5 41. Rc8 Rd2+ 42. Kf3 Ra2 43. Rc6+ Kb7 44. Rc3 Ra1 45. Nd3 h5 46. Nc5+ Kb6 47. Nxe6 b4 48. axb4 a3 49. Rxa3 Rxa3+ 50. Ke2 Kb5 51. Nd4+ Kb6 52. Nxf5 Ra4 53. Ne3 Kb5 54. Nc2 Rxb4 55. Nxb4 Kxb4 56. f5 Kc5 57. Kf3 Kd6 58. Kf4 h4 59. Kg4 h3 60. Kxh3 Ke5 61. Kg4 Kf6 62. Kf4 Kf7 63. Ke5 1-0

[Event "Bois Gentil op"]
[Site "Geneve"]
[Date "2016.02.12"]
[Round "5"]
[White "Pecorini, Jean Marc"]
[Black "Lesquereux, Nicolas"]
[Result "1-0"]
[WhiteElo "1611"]
[BlackElo "1677"]
[PlyCount "83"]
[EventDate "2016.01.15"]
[EventType "swiss"]
[EventRounds "7"]
[EventCountry "SUI"]
[SourceTitle "EXT 2017"]
[Source "ChessBase"]
[SourceDate "2016.10.25"]
[SourceVersion "1"]
[SourceVersionDate "2016.10.25"]
[SourceQuality "1"]

1. d4 d5 2. c4 e6 3. Nc3 Nf6 4. Nf3 Bb4 5. Qc2 Nbd7 6. e3 c5 7. a3 Bxc3+ 8. bxc3 Ne4 9. cxd5 exd5 10. dxc5 Ndxc5 11. Nd2 0-0 12. Nxe4 Nxe4 13. Bd3 f5 14. Bb2 Nc5 15. Be2 f4 16. exf4 Rxf4 17. 0-0 Bf5 18. Qd2 Qd6 19. Rad1 Be6 20. Bf3 Rd8 21. Rfe1 Bf7 22. Re3 Nb3 23. Qc2 Qb6 24. g3 Bg6 25. Qe2 d4 26. Re6 d3 27. Rxb6 dxe2 28. Rxd8+ Rf8 29. Rxf8+ Kxf8 30. Re6 Nc5 31. Rxe2 b6 32. Re3 Bc2 33. c4 Bb1 34. Bd5 Bc2 35. Rf3+ Ke8 36. Bxg7 Bg6 37. Re3+ Kd7 38. Bf6 a6 39. f4 Kd6 40. Be7+ Kc7 41. Bxc5 bxc5 42. Re6 1-0

[Event "Belp op"]
[Site "Belp"]
[Date "2015.05.24"]
[Round "4"]
[White "Saric, Vili"]
[Black "Pecorini, Jean Marc"]
[Result "0-1"]
[WhiteElo "1863"]
[BlackElo "1609"]
[PlyCount "62"]
[EventDate "2015.05.23"]
[EventType "swiss"]
[EventRounds "5"]
[EventCountry "SUI"]
[SourceTitle "EXT 2016"]
[Source "ChessBase"]
[SourceDate "2015.10.08"]
[SourceVersion "1"]
[SourceVersionDate "2015.10.08"]
[SourceQuality "1"]

1. d4 Nf6 2. Bf4 e6 3. Nf3 d5 4. e3 c5 5. c3 Nc6 6. Nbd2 Qb6 7. Qc2 Bd7 8. h3 cxd4 9. exd4 Nh5 10. Bh2 f5 11. Ne5 Nf6 12. Bd3 Rc8 13. Nxc6 Bxc6 14. 0-0 Be7 15. Bxf5 exf5 16. Qxf5 Bd7 17. Qe5 Kf7 18. Nf3 Rhe8 19. Qg5 h6 20. Ne5+ Kg8 21. Qg6 Be6 22. Bf4 Bf8 23. Bxh6 Rc7 24. Rfe1 Bf7 25. Nxf7 Rxf7 26. Bg5 Rxe1+ 27. Rxe1 Qxb2 28. Rc1 Ne4 29. Be3 Rf6 30. Qh5 Qxa2 31. f3 Ng3 0-1

[Event "Bois Gentil op"]
[Site "Geneve"]
[Date "2014.01.31"]
[Round "4"]
[White "Pecorini, Jean Marc"]
[Black "Hariz, Haissam"]
[Result "0-1"]
[WhiteElo "1560"]
[BlackElo "1871"]
[PlyCount "88"]
[EventDate "2014.01.10"]
[EventType "swiss"]
[EventRounds "7"]
[EventCountry "SUI"]
[SourceTitle "CBM 158 Extra"]
[Source "ChessBase"]
[SourceDate "2014.02.28"]
[SourceVersion "1"]
[SourceVersionDate "2014.02.28"]
[SourceQuality "1"]

1. d4 Nf6 2. c4 e6 3. Nf3 b6 4. Bg5 Bb7 5. e3 Bb4+ 6. Nc3 Bxc3+ 7. bxc3 h6 8. Bh4 d6 9. Bd3 Nbd7 10. 0-0 g5 11. Bg3 Ne4 12. Qc2 f5 13. h4 Qe7 14. a4 a5 15. d5 exd5 16. Bxe4 dxe4 17. Nd4 Qf6 18. Rad1 Nc5 19. Bxd6 cxd6 20. Nxf5 0-0-0 21. Nd4 d5 22. f3 dxc4 23. fxe4 Qe5 24. Rf7 Qxe4 25. Qxe4 Bxe4 26. Rdf1 Rd7 27. R7f6 Nxa4 28. Nb5 Bd3 29. Rc6+ Kd8 30. Rff6 gxh4 31. Nd6 Rxd6 32. Rfxd6+ Ke7 33. Rxh6 Rxh6 34. Rxh6 Nxc3 35. Rxb6 Nd5 36. Rb5 Ke6 37. Rxa5 c3 38. Rc5 c2 39. Kf2 Nf6 40. Ke1 Ne4 41. Rc8 Nd6 42. Rc7 Nc4 43. Rxc4 Bxc4 44. Kd2 Bb3 0-1

[Event "Bois Gentil op"]
[Site "Geneve"]
[Date "2014.01.17"]
[Round "2"]
[White "Pecorini, Jean Marc"]
[Black "Thompson, Charles William"]
[Result "1-0"]
[WhiteElo "1560"]
[BlackElo "1233"]
[PlyCount "39"]
[EventDate "2014.01.10"]
[EventType "swiss"]
[EventRounds "7"]
[EventCountry "SUI"]
[SourceTitle "CBM 158 Extra"]
[Source "ChessBase"]
[SourceDate "2014.02.28"]
[SourceVersion "1"]
[SourceVersionDate "2014.02.28"]
[SourceQuality "1"]

1. d4 d5 2. c4 e6 3. Nf3 c5 4. e3 Nf6 5. Nc3 Nc6 6. Bd3 Be7 7. 0-0 0-0 8. a3 b6 9. Qc2 g6 10. Rd1 Bb7 11. cxd5 exd5 12. dxc5 bxc5 13. Be4 Nxe4 14. Nxe4 f5 15. Nxc5 Bxc5 16. Qxc5 Ne7 17. b4 Qd7 18. Bb2 Rfc8 19. Qd4 Qe6 20. Qg7# 1-0

[Event "Geneve op 27th"]
[Site "Geneve"]
[Date "2013.02.01"]
[Round "3"]
[White "Viviani, Mario"]
[Black "Pecorini, Jean Marc"]
[Result "1-0"]
[WhiteElo "1744"]
[BlackElo "1618"]
[PlyCount "67"]
[EventDate "2013.01.18"]
[EventType "swiss"]
[EventRounds "7"]
[EventCountry "SUI"]
[SourceTitle "EXT 2014"]
[Source "ChessBase"]
[SourceDate "2013.11.20"]
[SourceVersion "1"]
[SourceVersionDate "2013.11.20"]
[SourceQuality "1"]

1. Nf3 c5 2. d4 cxd4 3. g3 Nc6 4. Nxd4 e5 5. Nb5 d5 6. c4 d4 7. Bg2 a6 8. N5a3 Be6 9. 0-0 Bc5 10. Nd2 Qd7 11. Nc2 Bh3 12. Ne4 Be7 13. Rb1 Bxg2 14. Kxg2 Nb4 15. Nxb4 Bxb4 16. a3 Be7 17. b4 Qc6 18. f3 Qxc4 19. Bb2 Qc6 20. Qb3 Qd7 21. e3 Nf6 22. Ng5 Nd5 23. Nxf7 Nxe3+ 24. Kg1 Rf8 25. Nxe5 Qd5 26. Qxd5 Nxd5 27. Bxd4 Bf6 28. Rbe1 Ne7 29. Bc5 Bxe5 30. Rxe5 Rf7 31. Rfe1 Rxf3 32. Rxe7+ Kd8 33. Rd1+ Kc8 34. Re8+ 1-0

[Event "Geneve op 27th"]
[Site "Geneve"]
[Date "2013.01.18"]
[Round "1"]
[White "Souiller, Frank"]
[Black "Pecorini, Jean Marc"]
[Result "1-0"]
[WhiteElo "1867"]
[BlackElo "1618"]
[PlyCount "83"]
[EventDate "2013.01.18"]
[EventType "swiss"]
[EventRounds "7"]
[EventCountry "SUI"]
[SourceTitle "EXT 2014"]
[Source "ChessBase"]
[SourceDate "2013.11.20"]
[SourceVersion "1"]
[SourceVersionDate "2013.11.20"]
[SourceQuality "1"]

1. d4 Nf6 2. Nc3 d6 3. e4 Nbd7 4. Nf3 e6 5. e5 dxe5 6. dxe5 Ng4 7. Bg5 Be7 8. Bxe7 Qxe7 9. Qd4 h5 10. Nb5 Nb6 11. 0-0-0 a6 12. Nc3 Bd7 13. h3 Nh6 14. Bd3 0-0-0 15. Qe3 Bc6 16. Be4 Nf5 17. Qe2 Bxe4 18. Nxe4 Nd5 19. g3 f6 20. Qc4 Qb4 21. Qxb4 Nxb4 22. a3 Nc6 23. exf6 gxf6 24. Rxd8+ Kxd8 25. Nc5 Ke7 26. Nxb7 e5 27. Nc5 Kd6 28. b4 a5 29. Rd1+ Nfd4 30. c3 axb4 31. axb4 Nxb4 32. cxb4 Kd5 33. Nb3 Ra8 34. Nfxd4 Kc4 35. Kb2 Kxb4 36. Nc6+ Kb5 37. Nba5 Kc5 38. Rd7 Kb6 39. Rh7 Kb5 40. Rxh5 Re8 41. Rf5 Re6 42. Nd4+ 1-0